Statistical Analysis of Network Data With R
Сохранить в:
| Главный автор: | |
|---|---|
| Другие авторы: | |
| Формат: | Неизвестно |
| Язык: | английский |
| Опубликовано: |
New York
Springer
2014
|
| Предметы: | |
| Метки: |
Добавить метку
Нет меток, Требуется 1-ая метка записи!
|
MARC
| LEADER | 00000 a2200000 4500 | ||
|---|---|---|---|
| 003 | CL-VaPUC | ||
| 005 | 20240104151322.0 | ||
| 008 | 200306b ||||| |||| 00| 0 eng d | ||
| 999 | |c 385439 |d 385437 | ||
| 020 | |a 9781493909827 | ||
| 040 | |c Pontificia Universidad Católica de Valparaíso | ||
| 082 | 0 | 4 | |a 519.5 KOL 2014 |
| 100 | |a Kolaczyk, Eric D. |9 623497 | ||
| 245 | |a Statistical Analysis of Network Data With R | ||
| 260 | |b Springer |c 2014 |a New York | ||
| 300 | |a 207 p. | ||
| 583 | |k Hugo Gaete |c 20200306 | ||
| 650 | 0 | 0 | |a Análisis estadístico |9 269506 |
| 650 | 0 | 0 | |a Análisis de datos |9 269871 |
| 650 | 0 | 0 | |a REDES DE DATOS |9 389775 |
| 650 | 0 | 0 | |a GRAFICOS DE REDES |9 719935 |
| 650 | 0 | 0 | |a Estadística matemática |9 260028 |
| 700 | |a Csárdi, Gábor |9 719936 | ||
| 942 | |2 ddc |c BK | ||
| 952 | |0 0 |1 0 |2 ddc |4 0 |6 519_500000000000000_KOL_2014 |7 0 |9 551553 |a BIBING |b BIBING |d 2020-03-06 |e 87 |g 126490.00 |i 5573386 |o 519.5 KOL 2014 |p 5573386 |r 2025-01-20 |t 1 |v 0.00 |w 2020-03-06 |y BK |k Ell | ||